Faculty of Law Library — Cairo University

Official Online Catalog

Droit Pénale Général Et Procédure Pénale / (Record no. 47475)

MARC details
000 -LEADER
fixed length control field 01299nam a2200373 i 4500
003 - CONTROL NUMBER IDENTIFIER
control field EG-GICUC
005 - DATE AND TIME OF LATEST TRANSACTION
control field 20260121101408.0
008 - FIXED-LENGTH DATA ELEMENTS--GENERAL INFORMATION
fixed length control field 251130s1996 fr ad||fr|||| 00| 0 fre d
020 ## - INTERNATIONAL STANDARD BOOK NUMBER
International Standard Book Number 9782247024766
040 ## - CATALOGING SOURCE
Original cataloging agency EG-GiCUC
Language of cataloging fre
Transcribing agency EG-GiCUC
Modifying agency EG-GiCUC
Description conventions rda
041 0# - LANGUAGE CODE
Language code of text/sound track or separate title fre
082 04 - DEWEY DECIMAL CLASSIFICATION NUMBER
Edition number 21
Classification number 343.1
Item number DR
092 04 - LOCALLY ASSIGNED DEWEY CALL NUMBER (OCLC)
Edition number 21
099 ## - LOCAL FREE-TEXT CALL NUMBER (OCLC)
Classification number Law1 10 343.1 DR 1996
245 10 - TITLE STATEMENT
Title Droit Pénale Général Et Procédure Pénale /
Statement of responsibility, etc. Par GEORGES LEVASSEUR, ALBERT CHAVANNE, JEAN MONTREUIL, BERNARD BOULOC.
250 ## - EDITION STATEMENT
Edition statement 12e Édition
264 #1 - PRODUCTION, PUBLICATION, DISTRIBUTION, MANUFACTURE, AND COPYRIGHT NOTICE
Place of production, publication, distribution, manufacture Paris :
Name of producer, publisher, distributor, manufacturer SIREY,
Date of production, publication, distribution, manufacture, or copyright notice 1996.
300 ## - PHYSICAL DESCRIPTION
Extent 399 pages :
Other physical details tableaux ;
Dimensions 24 cm.
336 ## - CONTENT TYPE
Source rda content
Content type term text
337 ## - MEDIA TYPE
Source rda media
Media type term Computer
338 ## - CARRIER TYPE
Source rda carrier
Carrier type term Online Resource
490 ## - SERIES STATEMENT
Series statement COURS ELEMENTAIRE DROIT ÉCONOMIE
500 ## - GENERAL NOTE
General note Comprend un index.
500 ## - GENERAL NOTE
General note GEORGES LEVASSEUR <br/>ALBERT CHAVANNE<br/>JEAN MONTREUIL<br/>BERNARD BOULOC<br/>(Contributeurs à la rédaction)
546 ## - LANGUAGE NOTE
Language note Texte en français
650 1# - SUBJECT ADDED ENTRY--TOPICAL TERM
Topical term or geographic name entry element Droit Pénal
700 1# - ADDED ENTRY--PERSONAL NAME
Personal name LEVASSEUR, GEORGES
Relator term Contributeur
700 1# - ADDED ENTRY--PERSONAL NAME
Personal name CHAVANNE, ALBERT
Relator term Contributeur
700 1# - ADDED ENTRY--PERSONAL NAME
Personal name MONTREUIL, JEAN
Relator term Contributeur
700 1# - ADDED ENTRY--PERSONAL NAME
Personal name BOULOC, BERNARD
Relator term Contributeur
856 40 - ELECTRONIC LOCATION AND ACCESS
Uniform Resource Identifier <a href="https://fll.law.cu.edu.eg/fulltext/bks/B10-00797.pdf">https://fll.law.cu.edu.eg/fulltext/bks/B10-00797.pdf</a>
905 ## - Cataloger and Reviser Names
Cataloger Name: Habiba Ismail
Revisor Name: Hassnaa
942 ## - ADDED ENTRY ELEMENTS (KOHA)
Source of classification or shelving scheme Dewey Decimal Classification
Koha item type Books
Edition 21
Suppress in OPAC No
Holdings
Withdrawn status Lost status Source of classification or shelving scheme Damaged status Not for loan Collection Home library Current library Date acquired Total checkouts Full call number Barcode Date last seen Copy number Price effective from Koha item type
    Dewey Decimal Classification   Not for loan القانون الجنائي جــــامعة القــاهرة مكتبة كلية الحقوق - المبنى الرئيسي 30.11.2025   Law1 10 343.1 12 ed - 1996 DR 1000797 C1 B10-00797 30.11.2025 1 30.11.2025 Books

© All rights reserved — Faculty of Law, Cairo University